Erdal İnönü (Record no. 8760)

MARC details
000 -BAŞLIK
Sabit Uzunlukta Kontrol Alanı 00746na a2200265 4500
001 - KONTROL NUMARASI
Denetim Alanı 22428
003 - KONTROL NUMARASI IDENTIFIER
Denetim Alanı MIRAKIL
005 - SON İŞLEM TARİHİ VE ZAMANI
Denetim Alanı 20181213155223.0
008 - SABİT-BOY VERİ ELEMANLARI - GENEL BİLGİLER
Sabit Uzunlukta Kontrol Alanı 170213b tu 000 0
040 ## - KATALOGLAMA KAYNAK
Orijinal Kataloglama Ajansı Milas
Kataloglama Dili tur
Metne Dönüştürmek Ajansı TR-AnCHP
041 ## - DİL KODU
Metin / Ses Parça Veya Ayrı Başlığın Dil Kodu tur
090 ## - SINIFLAMA NUMARASI
Sınıflama Numarası SHP 1
100 ## - ANA GİRİŞ - KİŞİSEL İSİM
Kişisel Ad Karakaş, Ercan
Bir Adıyla İlişkilendirilen Tarihler 1945-
245 ## - BAŞLIK TABLOSU
Başlık Erdal İnönü
Sorumluluk Tablosu, Vb Ercan Karakaş, Aydın Cıngı
260 ## - YAYIN, DAĞITIM, VB
Yayın, Dağıtım, Vb Yeri İstanbul
Yayın, Dağıtım, Vb Tarihi 2015
Üretici Firma Ezgi Matbaacılık
300 ## - FİZİKSEL TANIM
Kapsam 22 s.
Boyutlar 20 sm.
440 ## - SERİSİ TABLOSU / KATMA GİRİŞİ - BAŞLIK
Bir İşin Parçası / Bölümün İsmi Söylev ve demeçler
490 ## - SERİSİ TABLOSU
Seri Beyanı Iz Bırakanlar serisi
Hacim / Ardışık Tanımı 02
600 ## - KONU KATMA GİRİŞ - KURUMSAL ADI
Kişisel Ad İnönü, Erdal
700 ## - KATMA GİRİŞ - KİŞİSEL İSİM
Kişisel Ad Cıngı, Aydın
710 ## - KATMA GİRİŞ - KURUMSAL ADI
Giriş Elemanı Olarak Kurumsal Ad Veya Yargı Alanı Adı SHP
740 ## - KATMA GİRİŞ - KONTROLSUZ İLGİLİ / ANALİTİK BAŞLIK
Kontrol Edilmeyen / İlgili Analitik Başlıktaki SHP Genel başkanı ve Başbakan yardımcısı Erdal İnönü'nün konuşmaları
942 ## - EKLENDİ GİRİŞ ELEMANLARI (KOHA)
Sınıflandırma Veya Raf Düzeni Kaynak
Koha Öğesi Türü Books
999 ## - SİSTEM KONTROL NUMARALARI (KOHA)
Koha Biblionumber 8760
Koha Biblioitemnumber 8760
Holdings
Kullanım Kısıtlamaları Kalıcı Konum Mevcut Konum Edinme Tarihi Edinim Kaynak Kodlu Konum Eleme Toplam Check-Out'Lar Tam Çağrı Numarası Barkod Tarih Son Görülme İtibaren Geçerli Fiyatlar Koha Öğesi Türü
Kütüphane dışına çıkarılamaz CHP Kütüphanesi CHP Kütüphanesi 02/13/2017 Bağış SHP   SHP 1 014266 02/13/2017 02/13/2017 Books